000 00689nam a2200205Ii 4500
003 JO-AjNU
008 230605s9999||||xx |||||||||||||| ||und||
017 _a1978/4635
040 _aJO-AjNU
_bara
_erda
_cJO-AjNU
041 _aara
050 1 4 _aS61 1979
100 3 _aشقير ، محمود فهمي حسن ,
_eauthor
_935174
245 0 0 _aالانتاج الحيواني للصف الثالث بذور المعلمين
264 3 1 _aمصر:وزارة التربية والتعليم ، 1979
300 _a446ص
336 _atext
_btxt
_2rdacontent
337 _aunmediated
_bn
_2rdamedia
338 _avolume
_bnc
_2rdacarrier
650 4 _aالانتاج الحيواني
_935175
999 _aA14495
_c18063
_d18063